000 00572nam a2200181Ia 4500
005 20250326140801.0
008 250326s9999 xx 000 0 und d
037 _aTextbook
040 _aFMSL
_beng
_cFMSL
041 _aeng
_2eng
084 _aX:89 A P0
_qFMSL
100 _aBean R
_9279290
245 0 _aPowerfull products: Strategies management of successful new product development
_cBean R; Radford R
260 _aNew York
_bNew York, American Management Association
_c2000
300 _a274p
942 _cTB
_hX:89 A P0
999 _c1287273
_d1287273